00882nam a22002413a 450000100060000000300080000600500170001400800410003103500190007204000320009104100080012308200160013110000240014724501080017126000350027930000300031450400410034460000600038565000290044594200120047499900170048695201370050322028BD-RjUL20211209000746.0860101s1956 ii a b 000 0 eng d a(BD-RjUL)22093 aTEUcTEUdEQOdBD-RjULbeng aeng a891.51bIQL1 aIqbal, Afzal.9506314aThe life and thought of Mohammad Jalal-ud-din Rumi /cby Afzal Iqbal ; with a foreword by A.J. Arberry. aLahore :bBazm-i-Iqbal,c1956. a196 p. :bill. ;c24 cm. aIncludes bibliographical references.00aJalāl al-Dīn Rūmī,cMaulana,d1207-1273.968039 0aSufisvBiography.968031 2ddccBK c22028d22028 00102ddc40708FICaRUCLbRUCLcStackd1967-01-21eRoyal Pub.g10.00l0o891.51 IQL 1964r2014-03-06 00:00:00tC-3w2014-03-06yBK